<?xml version="1.0" encoding="UTF-8"?>
<record
    xmlns:xsi="http://www.w3.org/2001/XMLSchema-instance"
    xsi:schemaLocation="http://www.loc.gov/MARC21/slim http://www.loc.gov/standards/marcxml/schema/MARC21slim.xsd"
    xmlns="http://www.loc.gov/MARC21/slim">

  <leader>00870nam a22002177a 4500</leader>
  <controlfield tag="005">20250619153335.0</controlfield>
  <datafield tag="010" ind1=" " ind2=" ">
    <subfield code="a">B-761737-745           ENG-145458                           BACEN25</subfield>
  </datafield>
  <datafield tag="020" ind1=" " ind2=" ">
    <subfield code="a">9789390473687</subfield>
    <subfield code="c">545.00</subfield>
  </datafield>
  <datafield tag="035" ind1=" " ind2=" ">
    <subfield code="a">B-761737-745 </subfield>
  </datafield>
  <datafield tag="035" ind1=" " ind2=" ">
    <subfield code="a">EN-128990</subfield>
  </datafield>
  <datafield tag="037" ind1=" " ind2=" ">
    <subfield code="b">Academic Aspirations</subfield>
  </datafield>
  <datafield tag="037" ind1=" " ind2=" ">
    <subfield code="b">DBAD</subfield>
  </datafield>
  <datafield tag="082" ind1=" " ind2=" ">
    <subfield code="a">355.2230954</subfield>
  </datafield>
  <datafield tag="100" ind1=" " ind2=" ">
    <subfield code="a">Vyas,R.D. </subfield>
    <subfield code="9">82166</subfield>
  </datafield>
  <datafield tag="245" ind1=" " ind2=" ">
    <subfield code="a">Science and Technology in War /</subfield>
    <subfield code="c">R.D. Vyas</subfield>
  </datafield>
  <datafield tag="260" ind1=" " ind2=" ">
    <subfield code="a">New Delhi</subfield>
    <subfield code="b">Academic Aspirations</subfield>
    <subfield code="c">2025</subfield>
  </datafield>
  <datafield tag="270" ind1=" " ind2=" ">
    <subfield code="a">4740/23, Ansari Road, Daryaganj</subfield>
    <subfield code="b">New Delhi</subfield>
    <subfield code="e">110002</subfield>
    <subfield code="m">academicaspiration@gmail.com</subfield>
  </datafield>
  <datafield tag="300" ind1=" " ind2=" ">
    <subfield code="a">312p.</subfield>
    <subfield code="c">23cm(pbk)</subfield>
  </datafield>
  <datafield tag="942" ind1=" " ind2=" ">
    <subfield code="2">ddc</subfield>
    <subfield code="c">EN</subfield>
    <subfield code="h">355.2230954</subfield>
    <subfield code="m">VYS</subfield>
  </datafield>
  <datafield tag="999" ind1=" " ind2=" ">
    <subfield code="c">209290</subfield>
    <subfield code="d">209290</subfield>
  </datafield>
  <datafield tag="952" ind1=" " ind2=" ">
    <subfield code="0">0</subfield>
    <subfield code="1">0</subfield>
    <subfield code="4">0</subfield>
    <subfield code="7">0</subfield>
    <subfield code="8">NFIC</subfield>
    <subfield code="a">L</subfield>
    <subfield code="b">L</subfield>
    <subfield code="d">2025-04-15</subfield>
    <subfield code="e">Academic Aspiration/IN-00181/17.3.25/5/15.3.25/21.3.25</subfield>
    <subfield code="g">545.00</subfield>
    <subfield code="l">1</subfield>
    <subfield code="m">1</subfield>
    <subfield code="o">355.2230954 VYS</subfield>
    <subfield code="p">B-761737</subfield>
    <subfield code="r">2025-09-11 00:00:00</subfield>
    <subfield code="s">2025-07-01</subfield>
    <subfield code="t">1</subfield>
    <subfield code="v">545.00</subfield>
    <subfield code="w">2025-04-15</subfield>
    <subfield code="y">EN</subfield>
  </datafield>
  <datafield tag="952" ind1=" " ind2=" ">
    <subfield code="0">0</subfield>
    <subfield code="1">0</subfield>
    <subfield code="4">0</subfield>
    <subfield code="7">0</subfield>
    <subfield code="8">NFIC</subfield>
    <subfield code="a">NPL</subfield>
    <subfield code="b">NPL</subfield>
    <subfield code="d">2025-04-15</subfield>
    <subfield code="e">Academic Aspiration/IN-00181/17.3.25/5/15.3.25/21.3.25</subfield>
    <subfield code="g">545.00</subfield>
    <subfield code="l">0</subfield>
    <subfield code="o">355.2230954 VYS</subfield>
    <subfield code="p">B-761738</subfield>
    <subfield code="r">2025-04-15 00:00:00</subfield>
    <subfield code="t">1</subfield>
    <subfield code="v">545.00</subfield>
    <subfield code="w">2025-04-15</subfield>
    <subfield code="y">EN</subfield>
  </datafield>
  <datafield tag="952" ind1=" " ind2=" ">
    <subfield code="0">0</subfield>
    <subfield code="1">0</subfield>
    <subfield code="4">0</subfield>
    <subfield code="7">0</subfield>
    <subfield code="8">NFIC</subfield>
    <subfield code="a">AV</subfield>
    <subfield code="b">AV</subfield>
    <subfield code="d">2025-04-15</subfield>
    <subfield code="e">Academic Aspiration/IN-00181/17.3.25/5/15.3.25/21.3.25</subfield>
    <subfield code="g">545.00</subfield>
    <subfield code="l">0</subfield>
    <subfield code="o">355.2230954 VYS</subfield>
    <subfield code="p">B-761739</subfield>
    <subfield code="r">2025-04-15 00:00:00</subfield>
    <subfield code="t">1</subfield>
    <subfield code="v">545.00</subfield>
    <subfield code="w">2025-04-15</subfield>
    <subfield code="y">EN</subfield>
  </datafield>
  <datafield tag="952" ind1=" " ind2=" ">
    <subfield code="0">0</subfield>
    <subfield code="1">0</subfield>
    <subfield code="4">0</subfield>
    <subfield code="7">0</subfield>
    <subfield code="8">NFIC</subfield>
    <subfield code="a">BL1</subfield>
    <subfield code="b">BL1</subfield>
    <subfield code="d">2025-04-15</subfield>
    <subfield code="e">Academic Aspiration/IN-00181/17.3.25/5/15.3.25/21.3.25</subfield>
    <subfield code="g">545.00</subfield>
    <subfield code="l">0</subfield>
    <subfield code="o">355.2230954 VYS</subfield>
    <subfield code="p">B-761740</subfield>
    <subfield code="r">2025-04-15 00:00:00</subfield>
    <subfield code="t">1</subfield>
    <subfield code="v">545.00</subfield>
    <subfield code="w">2025-04-15</subfield>
    <subfield code="y">EN</subfield>
  </datafield>
  <datafield tag="952" ind1=" " ind2=" ">
    <subfield code="0">0</subfield>
    <subfield code="1">0</subfield>
    <subfield code="4">0</subfield>
    <subfield code="7">0</subfield>
    <subfield code="8">NFIC</subfield>
    <subfield code="a">JP</subfield>
    <subfield code="b">JP</subfield>
    <subfield code="d">2025-04-15</subfield>
    <subfield code="e">Academic Aspiration/IN-00181/17.3.25/5/15.3.25/21.3.25</subfield>
    <subfield code="g">545.00</subfield>
    <subfield code="l">0</subfield>
    <subfield code="o">355.2230954 VYS</subfield>
    <subfield code="p">B-761741</subfield>
    <subfield code="r">2025-04-15 00:00:00</subfield>
    <subfield code="t">1</subfield>
    <subfield code="v">545.00</subfield>
    <subfield code="w">2025-04-15</subfield>
    <subfield code="y">EN</subfield>
  </datafield>
  <datafield tag="952" ind1=" " ind2=" ">
    <subfield code="0">0</subfield>
    <subfield code="1">0</subfield>
    <subfield code="4">0</subfield>
    <subfield code="7">0</subfield>
    <subfield code="8">NFIC</subfield>
    <subfield code="a">ZLS</subfield>
    <subfield code="b">ZLS</subfield>
    <subfield code="d">2025-04-15</subfield>
    <subfield code="e">Academic Aspiration/IN-00181/17.3.25/5/15.3.25/21.3.25</subfield>
    <subfield code="g">545.00</subfield>
    <subfield code="l">0</subfield>
    <subfield code="o">355.2230954 VYS</subfield>
    <subfield code="p">B-761742</subfield>
    <subfield code="r">2025-04-15 00:00:00</subfield>
    <subfield code="t">1</subfield>
    <subfield code="v">545.00</subfield>
    <subfield code="w">2025-04-15</subfield>
    <subfield code="y">EN</subfield>
  </datafield>
  <datafield tag="952" ind1=" " ind2=" ">
    <subfield code="0">0</subfield>
    <subfield code="1">0</subfield>
    <subfield code="4">0</subfield>
    <subfield code="7">0</subfield>
    <subfield code="8">NFIC</subfield>
    <subfield code="a">AG</subfield>
    <subfield code="b">AG</subfield>
    <subfield code="d">2025-04-15</subfield>
    <subfield code="e">Academic Aspiration/IN-00181/17.3.25/5/15.3.25/21.3.25</subfield>
    <subfield code="g">545.00</subfield>
    <subfield code="l">0</subfield>
    <subfield code="o">355.2230954 VYS</subfield>
    <subfield code="p">B-761743</subfield>
    <subfield code="r">2025-04-15 00:00:00</subfield>
    <subfield code="t">1</subfield>
    <subfield code="v">545.00</subfield>
    <subfield code="w">2025-04-15</subfield>
    <subfield code="y">EN</subfield>
  </datafield>
  <datafield tag="952" ind1=" " ind2=" ">
    <subfield code="0">0</subfield>
    <subfield code="1">0</subfield>
    <subfield code="4">0</subfield>
    <subfield code="7">0</subfield>
    <subfield code="8">NFIC</subfield>
    <subfield code="a">NR</subfield>
    <subfield code="b">NR</subfield>
    <subfield code="d">2025-04-15</subfield>
    <subfield code="e">Academic Aspiration/IN-00181/17.3.25/5/15.3.25/21.3.25</subfield>
    <subfield code="g">545.00</subfield>
    <subfield code="l">0</subfield>
    <subfield code="o">355.2230954 VYS</subfield>
    <subfield code="p">B-761744</subfield>
    <subfield code="r">2025-04-15 00:00:00</subfield>
    <subfield code="t">1</subfield>
    <subfield code="v">545.00</subfield>
    <subfield code="w">2025-04-15</subfield>
    <subfield code="y">EN</subfield>
  </datafield>
  <datafield tag="952" ind1=" " ind2=" ">
    <subfield code="0">0</subfield>
    <subfield code="1">0</subfield>
    <subfield code="4">0</subfield>
    <subfield code="7">0</subfield>
    <subfield code="8">NFIC</subfield>
    <subfield code="a">BN</subfield>
    <subfield code="b">BN</subfield>
    <subfield code="d">2025-04-15</subfield>
    <subfield code="e">Academic Aspiration/IN-00181/17.3.25/5/15.3.25/21.3.25</subfield>
    <subfield code="g">545.00</subfield>
    <subfield code="l">1</subfield>
    <subfield code="o">355.2230954 VYS</subfield>
    <subfield code="p">B-761745</subfield>
    <subfield code="r">2026-05-05 14:18:48</subfield>
    <subfield code="s">2026-04-11</subfield>
    <subfield code="t">1</subfield>
    <subfield code="v">545.00</subfield>
    <subfield code="w">2025-04-15</subfield>
    <subfield code="y">EN</subfield>
  </datafield>
  <datafield tag="952" ind1=" " ind2=" ">
    <subfield code="0">0</subfield>
    <subfield code="1">0</subfield>
    <subfield code="4">0</subfield>
    <subfield code="7">0</subfield>
    <subfield code="8">NFIC</subfield>
    <subfield code="a">M</subfield>
    <subfield code="b">M</subfield>
    <subfield code="d">2025-06-19</subfield>
    <subfield code="e">Delivery of Books Act Division</subfield>
    <subfield code="g">545.00</subfield>
    <subfield code="l">0</subfield>
    <subfield code="o">355.2230954 VYS</subfield>
    <subfield code="p">EN-128990</subfield>
    <subfield code="r">2025-06-19 00:00:00</subfield>
    <subfield code="t">1</subfield>
    <subfield code="v">545.00</subfield>
    <subfield code="w">2025-06-19</subfield>
    <subfield code="y">EN</subfield>
  </datafield>
</record>
